000 00390nam a2200157Ia 4500
008 221030s9999 xx 000 0 und d
020 _a9812359052
041 _aEnglish
082 _a105.23
_bSag
100 _aS. Sagman
245 0 _aMicrosoft Office 2000 for windows
_cby S. Sagman
260 _bAddison Wesley
_aNew Delhi
_c1999
300 _a464
650 _aBE Computer
942 _cBK
999 _c4784
_d4784